Statistics for Asian Countries That Have Never Made the World Cup

Click here to take the quiz!

General Stats

  • This quiz has been taken 45 times
  • The average score is 28 of 35

Answer Stats

Country% Correct
Afghanistan
91%
Jordan
91%
Myanmar
91%
Nepal
91%
Oman
91%
Pakistan
91%
Vietnam
91%
Yemen
91%
Kyrgyz Republic
89%
Laos
89%
Malaysia
89%
Tajikistan
89%
Thailand
89%
Cambodia
86%
India
86%
Lebanon
86%
Mongolia
86%
Turkmenistan
86%
Uzbekistan
86%
Bahrain
83%
Chinese Taipei
83%
Singapore
83%
Sri Lanka
83%
Bangladesh
80%
Bhutan
80%
Philippines
80%
Syria
80%
Brunei Darussalam
77%
Qatar
77%
Timor-Leste
77%
Maldives
74%
Palestine
51%
Macau
49%
Hong Kong
46%
Guam
31%

Score Distribution

Percentile by Number Answered

Percent of People with Each Score

Your Score History

You have not taken this quiz